INTRODUCTION TO INFORMATION TECHNOLOGY (Record no. 4543)
[ view plain ]
| 000 -LEADER | |
|---|---|
| fixed length control field | 00305nam a2200133Ia 4500 |
| 003 - CONTROL NUMBER IDENTIFIER | |
| control field | OSt |
| 005 - DATE AND TIME OF LATEST TRANSACTION | |
| control field | 20231123055438.0 |
| 008 - FIXED-LENGTH DATA ELEMENTS--GENERAL INFORMATION | |
| fixed length control field | 170524s9999 xx 000 0 und d |
| 020 ## - INTERNATIONAL STANDARD BOOK NUMBER | |
| International Standard Book Number | 978-81-317-6029-1 |
| 040 ## - CATALOGING SOURCE | |
| Transcribing agency | IIMT |
| 100 ## - MAIN ENTRY--PERSONAL NAME | |
| Personal name | ITC |
| 245 #0 - TITLE STATEMENT | |
| Title | INTRODUCTION TO INFORMATION TECHNOLOGY |
| 942 ## - ADDED ENTRY ELEMENTS (KOHA) | |
| Source of classification or shelving scheme | |
| Koha item type | Book Bank |
| Withdrawn status | Lost status | Source of classification or shelving scheme | Damaged status | Not for loan | Home library | Current library | Date acquired | Full call number | Barcode | Date last seen | Uniform Resource Identifier | Price effective from | Koha item type |
|---|---|---|---|---|---|---|---|---|---|---|---|---|---|
| IIMT University Central Library Meerut | IIMT University Central Library Meerut | 05/31/2017 | R | 01-B-39238 | 05/31/2017 | INFORMATION TECHNOLOGY | 05/31/2017 | Text-Book- for 7 days | |||||
| IIMT University Central Library Meerut | IIMT University Central Library Meerut | 05/31/2017 | 01-B-39239 | 05/31/2017 | INFORMATION TECHNOLOGY | 05/31/2017 | Text-Book- for 7 days | ||||||
| IIMT University Central Library Meerut | IIMT University Central Library Meerut | 05/31/2017 | 01-B-39240 | 05/31/2017 | INFORMATION TECHNOLOGY | 05/31/2017 | Text-Book- for 7 days | ||||||
| IIMT University Central Library Meerut | IIMT University Central Library Meerut | 05/31/2017 | 01-B-39241 | 05/31/2017 | INFORMATION TECHNOLOGY | 05/31/2017 | Text-Book- for 7 days | ||||||
| IIMT University Central Library Meerut | IIMT University Central Library Meerut | 05/31/2017 | 01-B-39242 | 05/31/2017 | INFORMATION TECHNOLOGY | 05/31/2017 | Text-Book- for 7 days |

